| 000 | 01466nam a2200373 i 4500 | ||
|---|---|---|---|
| 005 | 20260505153548.0 | ||
| 008 | 260505s2025 my gr 000 0dmay d | ||
| 020 |
_a9786299509356 _cRM35.00 _qpaperback |
||
| 040 |
_aPPAK _beng _cPPAK _erda |
||
| 082 | 0 | 4 |
_223 _a297.57 |
| 090 | 0 | 0 |
_a297.57 _bSYA _dG |
| 100 | 0 |
_aSyaari Abdul Rahman, _eauthor. |
|
| 245 | 1 | 0 |
_aHidup, Ujian & Hikmah : _bREFLEKSI HATI KE HATI / _cSyaari -Ayat -Mardhiyah -Sarah -Nuraini -Dzulkhairi -Ainun Mardhiah -Abdullah Bukhari -Usaid -Maria ; Editor: Ustaz Dzul Khairi |
| 264 | 1 |
_aPetaling Jaya, Selangor : _bFaqih Group Sdn Bhd, _c[2025?] |
|
| 300 |
_a189 pages ; _c23 cm |
||
| 336 |
_atext _2rdacontent |
||
| 337 |
_aunmediated _2rdamedia |
||
| 338 |
_avolume _2rdacarrier |
||
| 500 | _aContains verses from the Qur'an and quotes from the Hadith. | ||
| 500 | _aIncludes bibliographical references. | ||
| 650 | 1 | 0 |
_aMuslims _xConduct of life. |
| 650 | 2 | 0 |
_aReligious life _xIslam. |
| 650 | 2 | 0 |
_aIslam _xCustoms and practices. |
| 700 | 1 |
_aAyat Ibrahim, _eauthor. |
|
| 700 | 0 |
_aSiti Mardhiyah Kamal Azhar, _eauthor. |
|
| 700 | 0 |
_aSiti Sarah Izham, _eauthor. |
|
| 700 | 0 |
_aNuraini Shahbuddin, _eauthor. |
|
| 700 | 0 |
_a'Ainun Mardhiah Ismail, _eauthor. |
|
| 700 | 0 |
_aAbdullah Bukhari Abdul Rahim, _eauthor. |
|
| 700 | 0 |
_aWan Muhd Usaid Wan Subki, _eauthor. |
|
| 700 | 0 |
_aMaria Marzuki, _eauthor. |
|
| 700 | 0 |
_aDzul Khairi, _cUstaz, _eeditor. |
|
| 942 |
_2ddc _cB |
||
| 999 |
_c204100 _d204100 |
||